The encyclopedia of psychic disorders : mental health

Bibliographic Details
Main Author: Khan, Ada P.
Format: Book
Published: New Delhi : Viva book private limited , 2004
Edition:Volume 3
Series:Viva-facts on file ;
Subjects:

MARC

LEADER 00000cam a2200000 7i4500
001 0000032939
005 20120705.0
008 120704
020 |a 8176496448 (6 volume set) 
020 |a 8176497614 
090 0 0 |a 616.89003   |b KAH 
100 1 |a Khan, Ada P. 
245 1 4 |a The encyclopedia of psychic disorders :   |b mental health   |c Ada P. Khan   |f Jan Fawcett 
250 |a Volume 3 
260 |a New Delhi :   |b Viva book private limited ,   |c 2004 
440 |a Viva-facts on file ; 
650 0 |a Mental health   |x encyclopedias 
650 0 |a Psychiatry   |x encyclopedias 
999 |a 0001025623   |b Book   |c REFERENCE   |e Perbadanan Perpustakaan Awam Johor 
999 |a 0001143109   |b Book   |c REFERENCE   |e Perbadanan Perpustakaan Awam Johor